000 00362nam a2200145 4500
999 _c713
_d713
008 191121b ||||| |||| 00| 0 eng d
082 0 0 _a623.873
_bH6779
110 _aH. M.S.O
_9233
245 1 0 _aBoiler Corrosion and Water Treatment
_cby HMSO
250 _a1st ed.
260 _aLondon
_bHMSO
_c1945
300 _a33 p.
650 0 _aSteam Boilers
942 _2ddc
_cBK